| 000 | 00561cas a22001935a 4500 | ||
|---|---|---|---|
| 001 | L120540 | ||
| 008 | 021121d20022002xxku p a eng u | ||
| 035 | _a(Sirsi) u120540 | ||
| 041 | 0 | _aeng | |
| 110 | 2 |
_aRoyal Institution of Chartered Surveyors _bCommercial Property Faculty _94355 |
|
| 245 | 0 | 0 | _aCommercial Property Update |
| 260 | 3 |
_aLondon _bRICS _c2002 |
|
| 362 | _aJuly 2002 | ||
| 554 | _aUnknown | ||
| 651 | 4 |
_aEngland and Wales _y1543- |
|
| 690 | _aPROPERTY-COMMERCIAL PROPERTY | ||
| 785 | 0 | 0 | _tCommercial Property Faculty Newsletter |
| 942 | _n0 | ||
| 999 |
_c118762 _d118762 |
||